[Event "Rated Blitz game"]
[Site "?"]
[Date "2021.06.01"]
[Round "?"]
[White "heretomakeit"]
[Black "JellalFernandes"]
[Result "0-1"]
[WhiteElo "2573"]
[BlackElo "2594"]
[PlyCount "28"]
[EventDate "2021.??.??"]
[EventType "blitz"]

1. e4 e5 2. Nf3 d5 3. Nxe5 Bd6 4. d4 dxe4 5. Nc4 Nf6 6. Nc3 O-O 7. Ne3 Re8 8.
Bc4 Nc6 9. d5 Ne5 10. Be2 a6 11. h3 b5 12. a3 Qe7 13. O-O Ng6 14. b3 Qe5 {
Normal} 0-1

[Event "Rated Blitz game"]
[Site "?"]
[Date "2021.06.01"]
[Round "?"]
[White "Pajen74"]
[Black "ieks"]
[Result "0-1"]
[WhiteElo "2352"]
[BlackElo "2411"]
[PlyCount "36"]
[EventDate "2021.??.??"]
[EventType "blitz"]

1. e4 e5 2. Nf3 d5 3. d3 dxe4 4. dxe4 Qxd1+ 5. Kxd1 Nc6 6. Bd3 Bg4 7. Be3 O-O-O
8. Nbd2 Nf6 9. Ke2 Bd6 10. h3 Be6 11. a3 h6 12. b4 Rhe8 13. Nb3 Bxb3 14. cxb3
Bf8 15. Rac1 Nd4+ 16. Bxd4 exd4 17. Nd2 Nd5 18. f3 Nf4+ {Normal} 0-1

[Event "Rated Blitz tournament A0OromZW"]
[Site "?"]
[Date "2021.06.01"]
[Round "?"]
[White "borets"]
[Black "dr_xStranger"]
[Result "0-1"]
[WhiteElo "2263"]
[BlackElo "2522"]
[PlyCount "46"]
[EventDate "2021.??.??"]
[EventType "blitz"]

1. e4 e5 2. Nf3 d5 3. exd5 e4 4. Nd4 Qxd5 5. c3 Nf6 6. Qb3 Nc6 7. Bc4 Nxd4 8.
Bxd5 Nxb3 9. Bxb3 Bd6 10. Na3 O-O 11. Nc4 Bc5 12. O-O Bg4 13. Ne3 Be2 14. Re1
Bd3 15. Bc2 Bxe3 16. Bxd3 Bxf2+ 17. Kxf2 exd3 18. b3 Rfe8 19. Ba3 Ne4+ 20. Kg1
Nxd2 21. Red1 Re2 22. Bc1 Ne4 23. Rxd3 Re1# {Normal} 0-1

[Event "Rated Blitz game"]
[Site "?"]
[Date "2021.06.01"]
[Round "?"]
[White "SFA_Gang"]
[Black "KamranShirazi"]
[Result "0-1"]
[WhiteElo "2624"]
[BlackElo "2463"]
[PlyCount "68"]
[EventDate "2021.??.??"]
[EventType "blitz"]

1. e4 e5 2. Nf3 d5 3. d4 dxe4 4. Nxe5 Nd7 5. Nc4 Ngf6 6. Nc3 Bb4 7. a3 Bxc3+ 8.
bxc3 O-O 9. Be2 Re8 10. O-O h6 11. Ne3 c5 12. Bb2 b6 13. d5 Ne5 14. c4 Qd6 15.
a4 a5 16. Bc3 Bd7 17. Qc1 Nh7 18. Qb2 f5 19. g3 Ng5 20. Bxe5 Rxe5 21. Rfb1 Rb8
22. Ng2 Nh3+ 23. Kf1 f4 24. Nxf4 Nxf4 25. gxf4 Rf5 26. Qc3 Rxf4 27. Qg3 Rbf8
28. Ke1 R8f5 29. Rb3 Qf6 30. Rab1 Rxf2 31. Rxb6 Rf1+ 32. Bxf1 Rxf1+ 33. Ke2
Bg4+ 34. Qxg4 Qf2# {Normal} 0-1

[Event "Rated Blitz game"]
[Site "?"]
[Date "2021.06.01"]
[Round "?"]
[White "C_K_G"]
[Black "FourNinetySix"]
[Result "0-1"]
[WhiteElo "2373"]
[BlackElo "2475"]
[PlyCount "70"]
[EventDate "2021.??.??"]
[EventType "blitz"]

1. e4 e5 2. Nf3 d5 3. Nxe5 Bd6 4. d4 dxe4 5. Nc4 Nf6 6. Nxd6+ Qxd6 7. Nc3 Nc6
8. Be3 Bg4 9. Be2 Bxe2 10. Qxe2 Nxd4 11. Bxd4 Qxd4 12. Qb5+ c6 13. Qxb7 O-O 14.
Qxc6 e3 15. O-O exf2+ 16. Kh1 Rab8 17. Rad1 Qe3 18. Na4 Rbc8 19. Qf3 Qxf3 20.
gxf3 Rxc2 21. Kg2 h5 22. Rxf2 Rc4 23. b3 Rf4 24. Nc5 h4 25. Re2 a5 26. Re5 Rc8
27. Nd3 Rc2+ 28. Kg1 Rxf3 29. Ne1 Rcf2 30. Nxf3 Rxf3 31. Rxa5 h3 32. b4 Ng4 33.
b5 Rf2 34. Ra4 Rg2+ 35. Kh1 Nf2# {Normal} 0-1

[Event "Rated Blitz game"]
[Site "?"]
[Date "2021.06.01"]
[Round "?"]
[White "izel2"]
[Black "JellalFernandes"]
[Result "1-0"]
[WhiteElo "2582"]
[BlackElo "2600"]
[PlyCount "89"]
[EventDate "2021.??.??"]
[EventType "blitz"]

1. e4 e5 2. Nf3 d5 3. d3 dxe4 4. dxe4 Qxd1+ 5. Kxd1 f6 6. Bd3 Bc5 7. Ke2 Be6 8.
Be3 Nd7 9. Nbd2 Ne7 10. a3 a5 11. h3 Nc6 12. c3 a4 13. Bc4 Ke7 14. Bxe6 Kxe6
15. Rhd1 Bxe3 16. Kxe3 Nc5 17. Ke2 Rhd8 18. Ne1 Na5 19. f3 c6 20. Nc2 Nd3 21.
Rab1 Nf4+ 22. Kf1 Rd6 23. Ne3 Rad8 24. Ke1 Rd3 25. Ndf1 Nb3 26. Rxd3 Rxd3 27.
Rd1 b5 28. h4 h5 29. g3 Rxd1+ 30. Kxd1 Nd3 31. Kc2 Ne1+ 32. Kd1 Nxf3 33. Ke2
Ng1+ 34. Kf2 Nh3+ 35. Kg2 Nf4+ 36. gxf4 exf4 37. Nc2 Ke5 38. Kf3 c5 39. Ne1 g5
40. Nd3+ Ke6 41. hxg5 fxg5 42. Nh2 c4 43. Nxf4+ Ke5 44. Nxh5 g4+ 45. Nxg4+ {
Normal} 1-0

[Event "Rated Blitz tournament A0OromZW"]
[Site "?"]
[Date "2021.06.01"]
[Round "?"]
[White "Nikita_wq"]
[Black "dr_xStranger"]
[Result "0-1"]
[WhiteElo "2242"]
[BlackElo "2495"]
[PlyCount "34"]
[EventDate "2021.??.??"]
[EventType "blitz"]

1. e4 e5 2. Nf3 d5 3. Nxe5 Bd6 4. d4 dxe4 5. Bc4 Bxe5 6. dxe5 Qxd1+ 7. Kxd1 Nc6
8. Bf4 Bf5 9. Nc3 Nge7 10. Ke1 Ng6 11. Bg3 Ncxe5 12. Bxe5 Nxe5 13. Bd5 O-O-O
14. Bxe4 Bxe4 15. Nxe4 Rhe8 16. Rd1 Nc6 17. Rxd8+ Kxd8 {Normal} 0-1

[Event "Rated Blitz game"]
[Site "?"]
[Date "2021.06.01"]
[Round "?"]
[White "L1475"]
[Black "annaly1979"]
[Result "0-1"]
[WhiteElo "2488"]
[BlackElo "2417"]
[PlyCount "58"]
[EventDate "2021.??.??"]
[EventType "blitz"]

1. e4 e5 2. Nf3 d5 3. exd5 e4 4. Qe2 f5 5. d3 Nf6 6. dxe4 fxe4 7. Nc3 Bb4 8.
Bg5 Bxc3+ 9. bxc3 O-O 10. Bxf6 Qxf6 11. Nd4 c5 12. dxc6 Nxc6 13. Rd1 Bg4 14.
Qc4+ Kh8 15. Rd2 Ne5 16. Qb4 Rac8 17. Bb5 a6 18. h3 Bh5 19. Ba4 Rc4 20. Qa5 b6
21. Qxa6 e3 22. fxe3 Rxc3 23. Re2 Rxe3 24. Kd2 Rxe2+ 25. Nxe2 Rd8+ 26. Kc1 Nc4
27. c3 Bxe2 28. Bb5 Qxc3+ 29. Kb1 Qb2# {Normal} 0-1

[Event "Rated Blitz tournament vZ3FU71I"]
[Site "?"]
[Date "2021.06.01"]
[Round "?"]
[White "Adim_Ayub"]
[Black "Chandra_PW"]
[Result "0-1"]
[WhiteElo "2283"]
[BlackElo "2453"]
[PlyCount "82"]
[EventDate "2021.??.??"]
[EventType "blitz"]

1. e4 e5 2. Nf3 d5 3. Nxe5 dxe4 4. d4 Nd7 5. Nxd7 Bxd7 6. Be2 Bd6 7. O-O Nf6 8.
f3 h5 9. fxe4 Bxh2+ 10. Kh1 Ng4 11. Qe1 Qe7 12. Bf4 Bxf4 13. Rxf4 g5 14. Rf1
Qxe4 15. Bxg4 hxg4+ 16. Kg1 Qxe1 17. Rxe1+ Kf8 18. Nd2 Kg7 19. Ne4 Kg6 20. Nc5
Bc6 21. c4 b6 22. Nd3 Bb7 23. Ne5+ Kg7 24. Nxg4 Rad8 25. d5 c6 26. dxc6 Bxc6
27. Ne5 Ba8 28. Rad1 Rxd1 29. Rxd1 Re8 30. Re1 Rd8 31. Re2 f5 32. Kf2 Kf6 33.
Nf3 g4 34. Nd2 f4 35. Ne4+ Kf5 36. Nc3 g3+ 37. Kf1 Rh8 38. Kg1 f3 39. Re3 f2+
40. Kf1 Rh1+ 41. Ke2 f1=Q+ {Normal} 0-1

[Event "Rated Blitz game"]
[Site "?"]
[Date "2021.06.01"]
[Round "?"]
[White "mrkica1964"]
[Black "DarthZannah"]
[Result "0-1"]
[WhiteElo "2477"]
[BlackElo "2562"]
[PlyCount "68"]
[EventDate "2021.??.??"]
[EventType "blitz"]

1. e4 e5 2. Nf3 d5 3. exd5 e4 4. Qe2 Nf6 5. d3 Qxd5 6. Ng5 Be7 7. Nxe4 O-O 8.
Nbc3 Qa5 9. Bd2 Nc6 10. Nxf6+ Bxf6 11. Ne4 Qe5 12. Bc3 Nd4 13. Bxd4 Qxd4 14. c3
Qd8 15. O-O-O Be6 16. Kb1 Re8 17. Qc2 Bf5 18. Be2 Be7 19. Bf3 Rb8 20. Rhe1 b5
21. Ng3 Bg6 22. Be4 a5 23. d4 Qd7 24. Re2 Bd6 25. Bxg6 hxg6 26. Rde1 Rec8 27.
Ne4 Bf8 28. f4 b4 29. c4 Qxd4 30. Rd1 Qb6 31. Qd3 b3 32. a3 Rd8 33. Qxd8 Rxd8
34. Rxd8 Qg1+ {Normal} 0-1

[Event "Rated Blitz game"]
[Site "?"]
[Date "2021.06.01"]
[Round "?"]
[White "musashino"]
[Black "Schachelite"]
[Result "0-1"]
[WhiteElo "2435"]
[BlackElo "2439"]
[PlyCount "72"]
[EventDate "2021.??.??"]
[EventType "blitz"]

1. e4 e5 2. Nf3 d5 3. exd5 e4 4. Qe2 Nf6 5. Nc3 Be7 6. Ne5 O-O 7. Qc4 Bd6 8. d4
exd3 9. Nxd3 Re8+ 10. Be2 Nbd7 11. O-O Nb6 12. Qd4 Nfxd5 13. Nxd5 Rxe2 14. c4
Be6 15. N3f4 Bxf4 16. Qxf4 Nxd5 17. cxd5 Bxd5 18. Be3 Rxb2 19. Rfd1 c6 20. Qe5
Rc2 21. Bd4 f6 22. Qf5 Rc4 23. Rd2 Qf8 24. Rad1 Re8 25. h3 Qf7 26. Bxa7 Ra4 27.
Be3 Rxa2 28. Rxa2 Bxa2 29. Rd7 Re7 30. Rd8+ Re8 31. Rd7 Qb3 32. Qg4 Qb1+ 33.
Kh2 Bf7 34. Bd4 Qe4 35. Qxe4 Rxe4 36. Rd8+ Be8 {Time forfeit} 0-1

[Event "Rated Blitz game"]
[Site "?"]
[Date "2021.06.01"]
[Round "?"]
[White "Starazagora"]
[Black "khalid_ontawar"]
[Result "0-1"]
[WhiteElo "2457"]
[BlackElo "2410"]
[PlyCount "112"]
[EventDate "2021.??.??"]
[EventType "blitz"]

1. e4 e5 2. Nf3 d5 3. exd5 e4 4. Nd4 Qxd5 5. Nb3 Bd6 6. Nc3 Qe5 7. Be2 Nf6 8.
d3 exd3 9. Qxd3 O-O 10. Be3 Bf5 11. Qd4 Bxc2 12. Qxe5 Bxe5 13. Nc5 b6 14. Bf3
c6 15. N5e4 Nxe4 16. Nxe4 Bxb2 17. O-O Bxa1 18. Rxa1 Bxe4 19. Bxe4 Nd7 20. Bxc6
Rad8 21. a4 Nc5 22. g3 h6 23. a5 Rc8 24. Bd5 Rfd8 25. Bc4 Nb7 26. Ba6 Nxa5 27.
Bxc8 Rxc8 28. Rd1 Rc7 29. Rd8+ Kh7 30. Ra8 g5 31. Kg2 f5 32. h4 Nc4 33. Bd4
gxh4 34. gxh4 Rd7 35. Bc3 Kg6 36. Rg8+ Kh5 37. Bf6 Nd2 38. f3 Rd3 39. Kf2 Nxf3
40. Ke2 Ra3 41. Bd8 Nxh4 42. Rg1 Nf3 43. Rh1+ Kg6 44. Rc1 f4 45. Rc6+ Kf5 46.
Rxh6 Nd4+ 47. Kf2 Ra2+ 48. Kf1 Ne2 49. Rh8 f3 50. Rf8+ Ke4 51. Re8+ Kd5 52. Kf2
Nd4+ 53. Kf1 Nf5 54. Bg5 Ng3+ 55. Kg1 f2+ 56. Kg2 f1=Q+ {Normal} 0-1

[Event "Rated Blitz game"]
[Site "?"]
[Date "2021.06.01"]
[Round "?"]
[White "Ocinitram"]
[Black "Slimslik02"]
[Result "1-0"]
[WhiteElo "2477"]
[BlackElo "2387"]
[PlyCount "31"]
[EventDate "2021.??.??"]
[EventType "blitz"]

1. e4 e5 2. Nf3 d5 3. exd5 e4 4. Bb5+ c6 5. dxc6 bxc6 6. Qe2 cxb5 7. Qxe4+ Qe7
8. Qxe7+ Bxe7 9. O-O Be6 10. Nd4 Bd7 11. Nc3 a6 12. Nd5 Bd6 13. Re1+ Kf8 14. a4
Nc6 15. Nb6 Nxd4 16. Nxd7# {Normal} 1-0

[Event "Rated Blitz game"]
[Site "?"]
[Date "2021.06.01"]
[Round "?"]
[White "Fx_Pro"]
[Black "KamranShirazi"]
[Result "0-1"]
[WhiteElo "2300"]
[BlackElo "2475"]
[PlyCount "40"]
[EventDate "2021.??.??"]
[EventType "blitz"]

1. e4 e5 2. Nf3 d5 3. exd5 e4 4. Qe2 Nf6 5. Nc3 Be7 6. Nxe4 Nxd5 7. Nc3 Nb4 8.
d4 Bf5 9. Qb5+ Qd7 10. Qxb7 Nxc2+ 11. Kd1 Nxa1 12. Qxa8 O-O 13. Qd5 Qc8 14. Ne1
Rd8 15. Qc4 Bf6 16. Be3 c5 17. d5 Nc6 18. Qxc5 Qb7 19. Kc1 Nb4 20. a3 Nb3+ {
Normal} 0-1

[Event "Rated Blitz game"]
[Site "?"]
[Date "2021.06.01"]
[Round "?"]
[White "GambitPlayer90"]
[Black "annaly1979"]
[Result "0-1"]
[WhiteElo "2426"]
[BlackElo "2410"]
[PlyCount "102"]
[EventDate "2021.??.??"]
[EventType "blitz"]

1. e4 e5 2. Nf3 d5 3. d4 dxe4 4. Nxe5 Bd6 5. Nc4 Nf6 6. Nc3 h6 7. Be2 O-O 8.
Nxd6 cxd6 9. d5 Bf5 10. Be3 Nbd7 11. O-O a6 12. a4 Rc8 13. a5 Ne5 14. Bd4 Qe7
15. h3 Nc4 16. b3 Ne5 17. Ra4 Rc7 18. Qd2 Rfc8 19. Bd1 Bg6 20. Re1 Kh7 21. Rb4
Qe8 22. Rb6 Qe7 23. Na4 e3 24. Rxe3 Rxc2 25. Bxc2 Rxc2 26. Qe1 Qc7 27. Kh2 Rc1
28. Qb4 Qc2 29. Rc3 Neg4+ 30. hxg4 Nxg4+ 31. Kg3 Qd1 32. Rxc1 Qxc1 33. Qxd6 h5
34. Qf4 Qh1 35. Nc3 f5 36. Rxg6 Kxg6 37. Kf3 Qe1 38. Be3 Qxc3 39. Qd6+ Kh7 40.
Qe6 Qd3 41. d6 h4 42. d7 Qd1+ 43. Kf4 Nh6 44. Qe7 Qg4+ 45. Ke5 Qe4+ 46. Kd6
Qd3+ 47. Kc7 Qc2+ 48. Kb8 Ng8 49. Qe8 Nf6 50. d8=Q Nxe8 51. Qxe8 Qxb3 {Time
forfeit} 0-1

[Event "Rated Blitz game"]
[Site "?"]
[Date "2021.06.01"]
[Round "?"]
[White "Arps89"]
[Black "olarovfan"]
[Result "1-0"]
[WhiteElo "2550"]
[BlackElo "2548"]
[PlyCount "135"]
[EventDate "2021.??.??"]
[EventType "blitz"]

1. e4 e5 2. Nf3 d5 3. exd5 e4 4. Ne5 Qxd5 5. d4 exd3 6. Nxd3 Nc6 7. Nc3 Qe6+ 8.
Be2 Nd4 9. O-O Nxe2+ 10. Nxe2 Nf6 11. Nd4 Qd5 12. Re1+ Be7 13. Nf4 Qd7 14. Qe2
O-O 15. Nf3 Re8 16. Be3 Bc5 17. Rad1 Qf5 18. Bxc5 Bd7 19. Be3 Bb5 20. Qd2 g5
21. Nd4 Qd7 22. Nxb5 Qxb5 23. Nd3 Ne4 24. Qb4 Qf5 25. Qxb7 c5 26. Qb5 Rab8 27.
Qc4 Rxb2 28. Nxb2 Nd6 29. Qd3 Ne4 30. f3 Nd6 31. Qxd6 h6 32. Bxc5 Rc8 33. Qd7
Qxc5+ 34. Kh1 Qxc2 35. Re8+ Rxe8 36. Qxe8+ Kg7 37. Qe5+ Kh7 38. Re1 Qg6 39. Qe4
f5 40. Qe7+ Qg7 41. Nc4 Qxe7 42. Rxe7+ Kg6 43. Rxa7 Kf6 44. Ra6+ Kg7 45. g4 f4
46. Ne5 h5 47. Rg6+ Kh7 48. Rxg5 h4 49. Rh5+ Kg7 50. Rxh4 Kf6 51. Nd3 Kg5 52.
Nxf4 Kxh4 53. Ng2+ Kg5 54. a4 Kf6 55. a5 Ke6 56. a6 Kd7 57. a7 Kd6 58. a8=Q Kc5
59. Qe4 Kd6 60. g5 Kc7 61. g6 Kd6 62. g7 Kd7 63. g8=Q Kc7 64. Qg5 Kb6 65. Qeg6+
Ka7 66. Q5h6 Kb8 67. Qhh7 Kc8 68. Qgg8# {Normal} 1-0

[Event "Rated Blitz game"]
[Site "?"]
[Date "2021.06.01"]
[Round "?"]
[White "RudiReudmann"]
[Black "Killer-B"]
[Result "0-1"]
[WhiteElo "2424"]
[BlackElo "2268"]
[PlyCount "80"]
[EventDate "2021.??.??"]
[EventType "blitz"]

1. e4 e5 2. Nf3 d5 3. exd5 Bd6 4. Nc3 f5 5. d4 e4 6. Ne5 Nf6 7. Bb5+ Bd7 8.
Nxd7 Nbxd7 9. O-O O-O 10. f3 a6 11. Ba4 b5 12. Bb3 Qe8 13. fxe4 Nxe4 14. Nxe4
fxe4 15. Be3 Qg6 16. Qe2 Nf6 17. g3 Ng4 18. Kg2 Qh5 19. h3 Nxe3+ 20. Qxe3 g6
21. Rae1 Rxf1 22. Rxf1 Re8 23. Qf2 g5 24. g4 Qg6 25. Qf5 Qxf5 26. Rxf5 e3 27.
Rf1 Kg7 28. Re1 Kg6 29. Kf3 Bf4 30. c3 h5 31. Bc2+ Kh6 32. Bf5 hxg4+ 33. hxg4
Kg7 34. Ke2 Rh8 35. Kf3 Rh3+ 36. Ke4 Rh2 37. d6 cxd6 38. Bc8 a5 39. Rb1 e2 40.
Kf3 Bd2 {Normal} 0-1

[Event "Rated Blitz game"]
[Site "?"]
[Date "2021.06.01"]
[Round "?"]
[White "PPaiva"]
[Black "BrilliantGambiteer"]
[Result "1-0"]
[WhiteElo "2524"]
[BlackElo "2358"]
[PlyCount "69"]
[EventDate "2021.??.??"]
[EventType "blitz"]

1. e4 e5 2. Nf3 d5 3. Nxe5 Bd6 4. d4 dxe4 5. Nc4 Nf6 6. Nc3 O-O 7. Bg5 Bf5 8.
Be2 h6 9. Bh4 Nbd7 10. Qd2 Be7 11. O-O-O c6 12. g4 Bg6 13. Rdg1 Nd5 14. Bxe7
Qxe7 15. Nxd5 cxd5 16. Ne3 Rac8 17. h4 Bh7 18. g5 hxg5 19. hxg5 Bg6 20. Bg4 Rc7
21. Rg3 Nb6 22. Nf5 Bxf5 23. Bxf5 g6 24. Rgh3 gxf5 25. Rh8+ Kg7 26. R1h7+ Kg6
27. Rh6+ Kg7 28. R8h7+ Kg8 29. Qf4 Rfc8 30. c3 Na4 31. Kd2 Nxb2 32. Qxf5 Nc4+
33. Ke2 Nd6 34. Rh8+ Kg7 35. R6h7# {Normal} 1-0

[Event "Rated Rapid game"]
[Site "?"]
[Date "2021.06.01"]
[Round "?"]
[White "rattascalpel"]
[Black "saino_123"]
[Result "1-0"]
[WhiteElo "2414"]
[BlackElo "2288"]
[PlyCount "71"]
[EventDate "2021.??.??"]
[EventType "rapid"]

1. e4 e5 2. Nf3 d5 3. Nxe5 dxe4 4. Bc4 Nh6 5. d4 exd3 6. Bxh6 gxh6 7. O-O Be6
8. Bxe6 fxe6 9. Qh5+ Ke7 10. Qf7+ Kd6 11. Nc4+ Kc6 12. cxd3 Qe7 13. Ne5+ Kb6
14. Qf3 c6 15. Qf4 a6 16. Nc4+ Ka7 17. Qd4+ c5 18. Qxh8 Nd7 19. Qc3 Bg7 20. Qa3
b5 21. Na5 Qd6 22. Nd2 Rg8 23. Ne4 Qb6 24. Rac1 Bd4 25. Nb3 b4 26. Qa4 Ne5 27.
Nxd4 cxd4 28. f4 Nxd3 29. Qd7+ Ka8 30. Rc8+ Rxc8 31. Qxc8+ Ka7 32. Qd7+ Ka8 33.
Nd6 Nxb2 34. Rc1 d3+ 35. Kh1 d2 36. Rc8+ {Normal} 1-0

[Event "Rated Blitz game"]
[Site "?"]
[Date "2021.06.01"]
[Round "?"]
[White "Schachelite"]
[Black "elcabusin"]
[Result "1-0"]
[WhiteElo "2450"]
[BlackElo "2398"]
[PlyCount "47"]
[EventDate "2021.??.??"]
[EventType "blitz"]

1. e4 e5 2. Nf3 d5 3. d4 dxe4 4. Nxe5 Bd6 5. Nc4 Nf6 6. Bg5 Nc6 7. Nxd6+ Qxd6
8. Bb5 Bd7 9. Bxf6 Qxf6 10. Bxc6 Bxc6 11. c3 O-O-O 12. O-O h5 13. Nd2 Rh6 14.
Nc4 Qg5 15. Qd2 Qe7 16. Rae1 Rg6 17. Qe3 f6 18. Na5 Bd5 19. c4 Qb4 20. Qc3 Qxc3
21. bxc3 Bg8 22. Rxe4 b6 23. Nc6 Rf8 24. Ne7+ {Normal} 1-0

[Event "Rated Blitz game"]
[Site "?"]
[Date "2021.06.01"]
[Round "?"]
[White "Evgeny_Davidenko"]
[Black "om_gendut"]
[Result "1/2-1/2"]
[WhiteElo "2318"]
[BlackElo "2440"]
[PlyCount "101"]
[EventDate "2021.??.??"]
[EventType "blitz"]

1. e4 e5 2. Nf3 d5 3. d3 dxe4 4. dxe4 Qxd1+ 5. Kxd1 Bg4 6. Be2 Nc6 7. c3 Bc5 8.
Ke1 Nf6 9. h3 Bh5 10. Nbd2 Bg6 11. Bd3 O-O-O 12. Bc2 Rhe8 13. Nh4 a6 14. Nxg6
hxg6 15. Ke2 Ba7 16. Nb3 Nd7 17. Be3 Bxe3 18. Kxe3 Nb6 19. Nd2 Rd6 20. Bb3 Red8
21. Nf3 f6 22. h4 Na5 23. Rab1 Nac4+ 24. Bxc4 Nxc4+ 25. Ke2 Nd2 26. Rbd1 Nxe4
27. Rxd6 Rxd6 28. h5 gxh5 29. Rxh5 b6 30. Rh8+ Kb7 31. Rg8 Rd7 32. Ke3 Nd6 33.
g4 Nc4+ 34. Ke4 Nxb2 35. g5 Na4 36. c4 Nc5+ 37. Kf5 e4 38. Nh4 fxg5 39. Kxg5
Rd2 40. Rxg7 Rxf2 41. Nf5 Rg2+ 42. Kf4 Rxg7 43. Nxg7 b5 44. cxb5 axb5 45. Nf5
Kb6 46. Ke5 c6 47. a3 Kc7 48. Kd4 Kb6 49. Ke5 Kc7 50. Kd4 Kb6 51. Ke5 {Normal}
1/2-1/2

[Event "Rated Blitz game"]
[Site "?"]
[Date "2021.06.01"]
[Round "?"]
[White "sim13a"]
[Black "om_gendut"]
[Result "0-1"]
[WhiteElo "2362"]
[BlackElo "2445"]
[PlyCount "116"]
[EventDate "2021.??.??"]
[EventType "blitz"]

1. e4 e5 2. Nf3 d5 3. Nxe5 Bd6 4. d4 dxe4 5. Nc4 Be7 6. Nc3 Nf6 7. Bf4 O-O 8.
Be2 Bf5 9. Ne3 Bg6 10. O-O Bd6 11. Bxd6 Qxd6 12. Qd2 Nc6 13. Rad1 Rad8 14. Nb5
Qd7 15. c3 a6 16. Na3 Ne8 17. f3 exf3 18. Bxf3 Nd6 19. Nac4 Rfe8 20. Nxd6 Qxd6
21. Rde1 Qd7 22. h3 b5 23. a3 Ne7 24. Qf2 c6 25. Ng4 f6 26. Re2 Bd3 27. Rfe1
Bxe2 28. Rxe2 Nd5 29. Rd2 Re7 30. Rd1 Rde8 31. Qg3 Kh8 32. Rf1 Qc7 33. Qf2 Qf4
34. g3 Qd6 35. Kg2 h5 36. Nh2 Ne3+ 37. Kg1 Nxf1 38. Nxf1 g6 39. Kg2 Kg7 40. Nd2
a5 41. Nb3 b4 42. axb4 axb4 43. Nc5 bxc3 44. bxc3 Re3 45. h4 R3e7 46. Nd3 Qe6
47. Nf4 Qc4 48. Qd2 Re3 49. Qc2 f5 50. d5 cxd5 51. Qd2 Qxc3 52. Qxc3+ Rxc3 53.
Nxd5 Rc2+ 54. Kh3 Rd2 55. Nf4 Re3 56. Bg2 Re1 57. g4 hxg4+ 58. Kg3 Re3+ {Normal
} 0-1

[Event "Rated Blitz game"]
[Site "?"]
[Date "2021.06.01"]
[Round "?"]
[White "Arps89"]
[Black "olarovfan"]
[Result "0-1"]
[WhiteElo "2534"]
[BlackElo "2564"]
[PlyCount "86"]
[EventDate "2021.??.??"]
[EventType "blitz"]

1. e4 e5 2. Nf3 d5 3. exd5 e4 4. Ne5 Qxd5 5. d4 exd3 6. Nxd3 Nf6 7. Nc3 Qd8 8.
Be2 Bd6 9. O-O O-O 10. Bg5 Nbd7 11. Bf3 Ne5 12. Nxe5 Bxe5 13. Qe2 Re8 14. Rad1
Bd6 15. Bxf6 gxf6 16. Qb5 Bd7 17. Qh5 Re5 18. Qh6 Bc6 19. Bxc6 bxc6 20. Rfe1
Qe7 21. Rxe5 Qxe5 22. g3 Re8 23. Rd3 Qg5 24. Qxg5+ fxg5 25. Kf1 f5 26. f3 Kf7
27. Ne2 a5 28. Nd4 f4 29. gxf4 Bxf4 30. Nxc6 Bxh2 31. Nxa5 h5 32. Nc4 h4 33.
Kg2 Bf4 34. Kh3 Re2 35. c3 Kg6 36. Rd8 Rh2+ 37. Kg4 Rg2+ 38. Kh3 Rg3+ 39. Kh2
Rxf3+ 40. Kh1 Kf5 41. Rg8 Kg4 42. Kg2 h3+ 43. Kh1 Rf1# {Normal} 0-1

[Event "Rated Blitz game"]
[Site "?"]
[Date "2021.06.01"]
[Round "?"]
[White "Ecclesiastes_Gamer"]
[Black "pasha1984"]
[Result "1-0"]
[WhiteElo "2448"]
[BlackElo "2367"]
[PlyCount "49"]
[EventDate "2021.??.??"]
[EventType "blitz"]

1. e4 e5 2. Nf3 d5 3. Nxe5 dxe4 4. Nc3 Bd6 5. Nc4 Nf6 6. Nxd6+ Qxd6 7. d3 Bf5
8. dxe4 Qxd1+ 9. Nxd1 Nxe4 10. Bf4 Nc6 11. Bxc7 Rc8 12. Bf4 Nb4 13. Bb5+ Bd7
14. Bxd7+ Kxd7 15. Ne3 Nxc2+ 16. Nxc2 Rxc2 17. Rd1+ Ke7 18. O-O Re8 19. Rfe1
Kf8 20. f3 g5 21. Rxe4 Rxe4 22. Bd6+ Re7 23. Re1 Rcc7 24. Kf2 Ke8 25. Bxc7 {
Normal} 1-0

[Event "Rated Blitz game"]
[Site "?"]
[Date "2021.06.01"]
[Round "?"]
[White "Dominik_Training"]
[Black "CristianS27"]
[Result "0-1"]
[WhiteElo "2468"]
[BlackElo "2457"]
[PlyCount "128"]
[EventDate "2021.??.??"]
[EventType "blitz"]

1. e4 e5 2. Nf3 d5 3. Nxe5 dxe4 4. Bc4 Qg5 5. Bxf7+ Ke7 6. d4 Qxg2 7. Rf1 Bh3
8. Qe2 Nf6 9. Nc3 Qxf1+ 10. Qxf1 Bxf1 11. Kxf1 Nbd7 12. Bb3 c6 13. Nf7 Rg8 14.
Ne5 Rh8 15. Nf7 Rg8 16. Ne5 Nxe5 17. dxe5 Nd5 18. Nxd5+ cxd5 19. Bxd5 Rh8 20.
Bg5+ Kd7 21. Rd1 Kc7 22. Bxe4 Bc5 23. Bf4 Kb6 24. c3 Rhf8 25. Bg3 Rad8 26. Rxd8
Rxd8 27. b4 Be7 28. Ke2 a5 29. a3 axb4 30. axb4 Ra8 31. Bd5 Ra3 32. Kd3 Bxb4
33. f4 Rxc3+ 34. Ke4 g6 35. Bg8 h5 36. Bh7 Rc6 37. f5 gxf5+ 38. Kxf5 h4 39.
Bf2+ Bc5 40. Bxh4 Rh6 41. Bd8+ Kb5 42. Bg6 Rxh2 43. e6 Rf2+ 44. Kg5 Kc4 45. Bf5
b5 46. e7 Bxe7+ 47. Bxe7 b4 48. Be6+ Kc3 49. Bf6+ Kc2 50. Bf5+ Kc1 51. Be5 b3
52. Bf4+ Kb2 53. Be5+ Ka3 54. Bd6+ Ka4 55. Be5 Rg2+ 56. Kf4 Rf2+ 57. Ke3 Rxf5
58. Ke4 Rf7 59. Bd4 Re7+ 60. Kd3 Rd7 61. Ke3 Rxd4 62. Kxd4 b2 63. Ke4 b1=Q+ 64.
Kd5 Qb3+ {Time forfeit} 0-1

[Event "Rated Blitz game"]
[Site "?"]
[Date "2021.06.01"]
[Round "?"]
[White "TSM23"]
[Black "Delyvj"]
[Result "0-1"]
[WhiteElo "2413"]
[BlackElo "2275"]
[PlyCount "40"]
[EventDate "2021.??.??"]
[EventType "blitz"]

1. e4 e5 2. Nf3 d5 3. exd5 e4 4. Qe2 f5 5. d3 Qxd5 6. Nbd2 Nf6 7. dxe4 fxe4 8.
Qe3 Be7 9. Bc4 Qf5 10. Nd4 Qg6 11. O-O Nc6 12. Nb5 Bd6 13. f3 Bf5 14. fxe4 Bxe4
15. Nxe4 Nxe4 16. Bf7+ Qxf7 17. Rxf7 Bc5 18. Rxg7 O-O-O 19. Rxc7+ Kb8 20. Qxc5
Rd1# {Normal} 0-1

[Event "Rated Blitz tournament lOu1GmOg"]
[Site "?"]
[Date "2021.06.01"]
[Round "?"]
[White "Mannysen"]
[Black "cuerosky"]
[Result "1-0"]
[WhiteElo "2450"]
[BlackElo "2270"]
[PlyCount "48"]
[EventDate "2021.??.??"]
[EventType "blitz"]

1. e4 e5 2. Nf3 d5 3. exd5 e4 4. Qe2 Nf6 5. d3 Bb4+ 6. c3 O-O 7. dxe4 Bd6 8.
Qc4 Re8 9. Bd3 Nbd7 10. O-O Nb6 11. Qd4 Bg4 12. Nbd2 Nbd7 13. Re1 Bc5 14. Qc4
a6 15. b4 b5 16. Qb3 Ba7 17. h3 Bh5 18. Bb2 Rc8 19. a4 Bb8 20. axb5 axb5 21.
Bxb5 Rf8 22. e5 Ne8 23. e6 Nb6 24. e7 Qxe7 {Normal} 1-0

[Event "Rated Blitz game"]
[Site "?"]
[Date "2021.06.01"]
[Round "?"]
[White "Katzik"]
[Black "pasha1984"]
[Result "0-1"]
[WhiteElo "2420"]
[BlackElo "2332"]
[PlyCount "102"]
[EventDate "2021.??.??"]
[EventType "blitz"]

1. e4 e5 2. Nf3 d5 3. Nxe5 dxe4 4. Bc4 Qg5 5. Nxf7 Qxg2 6. Rf1 Bg4 7. Be2 Bxe2
8. Qxe2 Kxf7 9. Nc3 Bd6 10. Nxe4 Nf6 11. d3 Re8 12. f3 Qxe2+ 13. Kxe2 Nc6 14.
Be3 Nxe4 15. fxe4+ Kg8 16. h4 Rf8 17. Rg1 Bf4 18. Bc5 Rf7 19. c3 b6 20. Ba3 Bd6
21. b4 a5 22. b5 Bxa3 23. bxc6 Rf6 24. Rab1 Rxc6 25. Rb3 Be7 26. h5 Rh6 27. Rb5
Re8 28. a4 Bc5 29. d4 Bf8 30. Kd3 Rf6 31. Rg3 Rf4 32. e5 Rh4 33. Rg5 Be7 34.
Rf5 Rf8 35. Rxf8+ Kxf8 36. e6 Bd6 37. Rf5+ Kg8 38. c4 Be7 39. d5 Bf6 40. h6
Rxh6 41. Rf3 Rh4 42. Re3 Rd4+ 43. Ke2 Kf8 44. Rc3 Re4+ 45. Kd3 Bxc3 46. Kxe4
Ke7 47. Kd3 Bb4 48. Ke4 g6 49. Ke5 h5 50. Kf4 h4 51. Kg4 g5 {Time forfeit} 0-1

[Event "Rated Blitz game"]
[Site "?"]
[Date "2021.06.01"]
[Round "?"]
[White "ramza39"]
[Black "ibrahim_karpove2700"]
[Result "1-0"]
[WhiteElo "2419"]
[BlackElo "2337"]
[PlyCount "51"]
[EventDate "2021.??.??"]
[EventType "blitz"]

1. e4 e5 2. Nf3 d5 3. exd5 e4 4. Nd4 Qxd5 5. Nb3 Bd6 6. Nc3 Qe5 7. Nb5 Nf6 8.
Nxd6+ cxd6 9. Be2 O-O 10. O-O Nc6 11. d4 Qf5 12. c3 Qg6 13. Bf4 Ne7 14. Bxd6
Nf5 15. Bg3 h5 16. Nc5 h4 17. Be5 h3 18. g3 Re8 19. Qc2 e3 20. Bd3 exf2+ 21.
Qxf2 Ng4 22. Bxf5 Nxf2 23. Bxg6 fxg6 24. Rxf2 Bf5 25. Nxb7 Be4 26. Nd6 {Normal}
1-0